00600nam a2200181 ar4500001000500000005001700005008004100022020002700063082002200090100002100112245008800133260004500221300002100266650004800287650003500335700003300370999001500403427420221127090912.0150707s xxu 0001f eng d a0811216349 :cSR136.0004a863.64bB637 20061 aBolano, Roberto.10aLast evenings on Earth /cR. Bolano ; translated from the Spanish by Chris Andrews. aNew York :bNew Directions Books,c2006. a219 p. ;c21 cm. 4aSpanish fictionxTranslations into English. 4aSpanish fictiony20th century.0 aAndrews, Chris,etranslator. c4272d4272